Dar Jozefa Maximiliána Petzvala civilizácii

Bibliographic Details
Main Author: Tomík, František, 1941-2020 (Author)
Format: Article
Language:Slovak
PhysicalDescription:Fotogr.
ISSN:1336-5754
Subjects:

MARC

LEADER 00000nab a2200000 ar4500
001 vtls009308425
003 SK-MaSNL
005 20260305010701.0
008 080702c2007 xo |||||||||||000 b|slo
015 |a SNBRB2008/07  |2 snkbucl 
038 |a SNKBUCL 
040 |a SNKBUCL  |b slo  |c SNKBUCL  |e AACR2 
041 0 |a slo 
044 |a xo  |c SK 
080 |a 77-051  |2 2001 
080 |a 929 Petzval, Jozef Maximilián  |2 2001 
100 1 |a Tomík, František,  |d 1941-2020  |4 aut  |9 195200 
245 1 0 |a Dar Jozefa Maximiliána Petzvala civilizácii  |c Fero Tomík 
300 |b Fotogr. 
600 1 7 |a Petzval, Jozef Maximilián,  |d 1807-1891  |2 snkbucl  |9 116627 
650 0 7 |a fotografia  |2 snkbucl  |9 1694 
773 0 |t DiGi revue  |g Roč. 3, č. 2 (2007), s. 58-59  |x 1336-5754 
852 |a SNK  |b KIS3GCP 
958 |a SK 
958 |a BX 
999 |c 3248024  |d 3249954